000 00518nam a2200169 4500
001 116721
003 ES-MaACL
005 20230906190745.0
007 t|
008 061121s1973 sp r ||||1| spa d
100 1 _aOughton, Frederick.
_987971
245 1 0 _aInvestigación criminal /
_cFrederick Oughton ; traducción de Ramón Margalef Llambrich.
260 _aBarcelona :
_bMolino,
_c1973.
300 _a248 p. ;
_c21 cm.
700 1 _aMargalef Llambrich, Ramón.
_976609
852 _aES-MaACL
_jC-52403
_bR.86031
999 _c116721
_d116721